La jurisprudencia práctica de nuestros tribunales de justicia

Uloženo v:
Podrobná bibliografie
Hlavní autor: Vera, Robustiano (autor, promotor Fiscal en lo criminal)
Médium: Kniha
Jazyk:španělština
Vydáno: Santiago, Chile Imprenta de los Debates 1888
Témata:
On-line přístup:Acceso texto completo
Tagy: Přidat tag
Žádné tagy, Buďte první, kdo vytvoří štítek k tomuto záznamu!

MARC

LEADER 00000nam a2200000 a 4500
001 UCR1219
003 CL-VaPUC
005 20211126200023.0
008 971212e18880000CL |||||||||||||||||spa|d
999 |c 264696  |d 264694 
040 |c Pontificia Universidad Católica de Valparaíso 
082 0 4 |a 347.01 VER 1888  |2 21 
100 0 |a Vera, Robustiano  |e autor   |e promotor Fiscal en lo criminal   |9 398201 
245 1 3 |a La jurisprudencia práctica de nuestros tribunales de justicia 
260 |a Santiago, Chile   |b Imprenta de los Debates  |c 1888 
300 |a 500 páginas  
583 |a last modification  |c 19971212 00:00:00  |k Rodrigo Vera 
610 |a CORTE DE APELACIONES  |9 857197 
610 0 |a Corte Suprema   |9 857198 
650 0 |a Código orgánico de tribunales  |z CHILE   |9 256731 
650 7 |a NOTARIAS  |2 CL-VaPUC  |9 371903 
650 7 |a JUZGADOS DE POLICIA LOCAL  |2 CL-VaPUC  |9 328496 
852 |a FDOBRV 
856 |u http://opac.pucv.cl/pucv_txt/Txt-1000/UCR1219_01.pdf  |z Acceso texto completo  
942 |c BK  |2 ddc 
945 |d 19971212 00:00:00  |a cmena 
952 |0 0  |1 0  |2 ddc  |4 0  |5 1  |6 347_010000000000000_VER_1888  |7 1  |8 C_LRYV  |9 295090  |a FDOBRV  |b BIBDER  |d 2019-11-19  |i 1921738  |o 347.01 VER 1888  |p 1921738  |r 2023-01-25  |w 2019-11-19  |x Ubicación 4to Piso  |y BK_X  |z Estos recursos deben solicitarse con anticipación  |k BRV